000 00822nam a22002537a 4500
005 20170124110227.0
010 _aA-377450
020 _c00.00
_a8185273235
035 _aA-377450
037 _bCen Lib/Ret
040 _aDPL
_bEN
082 _a025.1
_bRAN
100 _aRanganathan, S.R.
_941030
245 _aLibrary administration /
_cby S.R. Ranganathan
246 _b
260 _bSarda Ranganathan Endowment for Library Science
_aBanglore
_c1935
270 _bBanglore
_a432,10th cross, 18th road, J P nagar,
_e560078
300 _a678p.
_c21cm(Hb)
490 _aRanganathan series in library science
500 _aIncludes bibliographical references and index
650 _aLibrary science
_941031
650 _aLibrary administration
_92603
942 _2ddc
_cEN
_h025.1
_mRAN
999 _c134541
_d134541